Quiz - Statistics

General Stats
  • This quiz has been taken 6 times
  • The average score is 8 of 9
Answer Stats
Question Answer % Correct
Which one is not Ice?
100%
What is North Dakota's Capital Bismarck
100%
Where is Jamaica Located? The Carribean
100%
What is the Country with 50 States? USA
100%
Is Hawaii Apart of USA or Oceania? USA
100%
What is the Capital of USA? Washington DC
100%
What is On The Thumbnail?
67%
Which Monday is Martin's Day? Janauary Monday
67%
How many Countries start with B? 17
33%
No matching quizzes found
Score Distribution
Percent of People with Each Score
Percentile by Number Answered
Your Score History
You have not taken this quiz